Stavebný zákon úplné znenie zákona z 27. apríla 1976 č. 50/1976 Zb. o územnom plánovaní a stavebnom poriadku

Podrobná bibliografia
Hlavní autori: Sirotka, Dušan (Autor), Fickuliaková, Gabriela (Autor), Sedlárová, Magda (Autor), Šaradínová, Dagmar (Autor), Švanygová, Michaela (Autor), Trebichavská, Renáta (Autor)
Korporatívny autor: Slovensko (Autor)
Ďalší autori: Minarovičová, Marta
Médium: Kniha
Jazyk:slovenčina
Fyzický popis:206 s. 21 cm
Vydavateľské údaje: Bratislava Ústav vzdelávania a služieb 2000
ISBN:8088836697
Predmet:

MARC

LEADER 00000nam a2200000 a 4500
001 vtls001400972
003 SK-MaSNL
005 20260302034842.0
008 240226s2000 xo r slo
015 |a SNBI2001/01-00372 
020 |a 8088836697 
035 |a SNK000355461 
035 |a urn:nbn:sk:snk-amkm2t 
035 |a urn:nbn:sk:snk-am003oc4 
035 |a F11A186D-27E0-4B1F-99E4-4F4A0567D632 
040 |a SNK  |b slo  |c SNK  |e AACR2 
041 0 |a slo 
044 |a xo  |c SK 
080 |a 349.44:340.133(094.5)  |2 1981 
080 |a 340.133  |2 1981 
110 1 |a Slovensko  |4 aut  |9 266955 
240 1 0 |a Stavebný zákon  |s 2000 
245 1 0 |a Stavebný zákon  |b úplné znenie zákona z 27. apríla 1976 č. 50/1976 Zb. o územnom plánovaní a stavebnom poriadku  |c vypracoval: Dušan Sirotka ... [et al.] 
260 |a Bratislava  |b Ústav vzdelávania a služieb  |c 2000 
300 |a 206 s.  |c 21 cm 
500 |a Obalový názov 
500 |a Vyd. Ministerstvo výstavby a regionálneho rozvoja Slovenskej republiky 
500 |a Grafický návrh obálky: Roman Kyrinovič 
500 |a Zodpovedná redaktorka: Marta Minarovičová 
650 0 7 |a právo stavebné  |x zákony  |y 2000  |x príručky  |2 SNK  |9 686963 
655 7 |a zákony  |2 SNK  |9 70186 
700 1 |a Kyrinovič, Roman  |4 oth  |9 298264 
700 1 |a Minarovičová, Marta  |9 461357 
700 1 |a Sirotka, Dušan  |4 aut  |9 5654 
700 1 |a Fickuliaková, Gabriela  |4 aut  |9 686964 
700 1 |a Sedlárová, Magda  |4 aut  |9 12950 
700 1 |a Šaradínová, Dagmar  |4 aut  |9 375807 
700 1 |a Švanygová, Michaela  |4 aut  |9 686965 
700 1 |a Trebichavská, Renáta  |4 aut  |9 686966 
919 |a 80-88836-69-7 
958 |a TL 
999 |c 1068085  |d 1070015 
952 |t P60, <03>, [BOOK], {603}  |a SNK  |b SNK  |y PREZ  |7 0  |p 17A0260159  |o snkSC 103297  |i snkKSP 12311/2000  |0 0  |1 0  |4 0  |d 2000-11-22  |f 1  |l 0  |r 2025-09-24 00:00:00  |w 2026-02-24 
952 |t P60, <09>, [BOOK], {629}  |a SNK  |b SNK  |y NEVYP  |7 0  |o snkC 138  |i snk251/20010221  |0 0  |1 0  |4 0  |d 2001-02-20  |l 0  |r 2005-01-02 00:00:00  |w 2026-02-24 
952 |t P60, <04>, [BOOK], {604}  |a SNK  |b SNK  |y VYP  |7 0  |p 17A0260160  |o snkSC 103297 D1  |i snkKSP 12312/2000  |0 0  |1 0  |4 0  |d 2000-11-22  |l 0  |r 2005-01-02 00:00:00  |w 2026-02-24